How to solve your income-tax problem (Record no. 6036)

MARC details
000 -LEADER
fixed length control field 00475cam a2200181ua 4500
001 - CONTROL NUMBER
control field 6895
005 - DATE AND TIME OF LATEST TRANSACTION
control field 20260515114126.0
008 - FIXED-LENGTH DATA ELEMENTS--GENERAL INFORMATION
fixed length control field 140307n ii |||gr||||Z||||||eng
040 ## - CATALOGING SOURCE
Transcribing agency MAIN
082 ## - DEWEY DECIMAL CLASSIFICATION NUMBER
Classification number 33624
245 ## - TITLE STATEMENT
Title How to solve your income-tax problem
Statement of responsibility, etc. By B.D. Nagpal
260 ## - PUBLICATION, DISTRIBUTION, ETC.
Place of publication, distribution, etc. Allahabad:
Name of publisher, distributor, etc. Kitab mahal,
Date of publication, distribution, etc. 1958.
300 ## - PHYSICAL DESCRIPTION
Extent x,344p.
653 ## - INDEX TERM--UNCONTROLLED
Uncontrolled term Public finance
653 ## - INDEX TERM--UNCONTROLLED
Uncontrolled term How to solve your income-tax problem
700 ## - ADDED ENTRY--PERSONAL NAME
Personal name Nagpal,B.D.,
Relator term Author.
942 ## - ADDED ENTRY ELEMENTS (KOHA)
Koha item type Books
Holdings
Withdrawn status Lost status Damaged status Not for loan Home library Current library Shelving location Date acquired Total checkouts Full call number Barcode Date last seen Copy number Price effective from Koha item type
        Naharkatiya College Library Naharkatiya College Library General stacks 09/19/2020   336.24 | NAG 13913 09/19/2020 1 09/19/2020 Books